Catholic University of Zimbabwe Library
Online Public Access Catalogue
(OPAC)

Extraordinary Partnerships (Record no. 26689)

MARC details
000 -LEADER
fixed length control field 03978cam a22007454a 4500
001 - CONTROL NUMBER
control field muse86115
003 - CONTROL NUMBER IDENTIFIER
control field MdBmJHUP
005 - DATE AND TIME OF LATEST TRANSACTION
control field 20210127151710.0
006 - FIXED-LENGTH DATA ELEMENTS--ADDITIONAL MATERIAL CHARACTERISTICS
fixed length control field m o d
007 - PHYSICAL DESCRIPTION FIXED FIELD--GENERAL INFORMATION
fixed length control field cr||||||||nn|n
008 - FIXED-LENGTH DATA ELEMENTS--GENERAL INFORMATION
fixed length control field 191107s2020 mau o 00 0 eng d
010 ## - LIBRARY OF CONGRESS CONTROL NUMBER
Canceled/invalid LC control number 2019954609
020 ## - INTERNATIONAL STANDARD BOOK NUMBER
International Standard Book Number 9781643150109
020 ## - INTERNATIONAL STANDARD BOOK NUMBER
Canceled/invalid ISBN 9781643150093
035 ## - SYSTEM CONTROL NUMBER
System control number (OCoLC)1154311137
040 ## - CATALOGING SOURCE
Original cataloging agency MdBmJHUP
Transcribing agency MdBmJHUP
100 1# - MAIN ENTRY--PERSONAL NAME
Personal name Andersen, Betsy,
Relator term author.
245 10 - TITLE STATEMENT
Title Extraordinary Partnerships
Remainder of title How the Arts and Humanities are Transforming America /
Statement of responsibility, etc. Christine Henseler, Betsy Andersen, Amar Bakshi, Charles R. Batson, Chantal Bilodeau, Jennifer Burkhart, Elise Chambers, Julia Chiapella, Antonio Copete, Cook Inlet Tribal Council, Inc., Emily Davidson, Ella Maria Diaz, Jodi Enos-Berlage, Ari W. Epstein, Brittany Freitas-Murrell, Susan Frost, Jessica Fujimori, Margaret Graham, Anisha Gururaj, Madeleine Fuchs Holzer, Amy K. Hamlin, Jane Hawley, Julia Hotz, Rebecca Kamen, Luke Keller, Claudia Lampman, Christina Lanzl, Gemma Mangione, Emily Moberg, Bailey Reutzel, Doris Sommer, Rebecca Volino Robinson, Amanda Zold.
264 #1 - PRODUCTION, PUBLICATION, DISTRIBUTION, MANUFACTURE, AND COPYRIGHT NOTICE
Name of producer, publisher, distributor, manufacturer Lever Press,
264 #3 - PRODUCTION, PUBLICATION, DISTRIBUTION, MANUFACTURE, AND COPYRIGHT NOTICE
Name of producer, publisher, distributor, manufacturer Project MUSE,
300 ## - PHYSICAL DESCRIPTION
Extent 1 online resource (pages cm)
506 0# - RESTRICTIONS ON ACCESS NOTE
Terms governing access Open Access
Standardized terminology for access restriction Unrestricted online access
Source of term star
520 ## - SUMMARY, ETC.
Summary, etc. "This inspirative and hopeful collection demonstrates that the arts and humanities are entering a renaissance that stands to change the direction of our communities. Community leaders, artists, educators, scholars, and professionals from many fields show how they are creating responsible transformations through partnership in the arts and humanities. The diverse perspectives that come together in this book teach us how to perceive our lives and our disciplines through a broader context. The contributions exemplify how individuals, groups, and organizations use artistic and humanistic principles to explore new structures and novel ways of interacting to reimagine society. They refresh and reinterpret the ways in which we have traditionally assigned space and value to the arts and humanities"--
Assigning source Provided by publisher.
588 ## - SOURCE OF DESCRIPTION NOTE
Source of description note Description based on print version record.
655 #7 - INDEX TERM--GENRE/FORM
Genre/form data or focus term Electronic books.
Source of term local
700 1# - ADDED ENTRY--PERSONAL NAME
Personal name Zold, Amanda,
Relator term author.
700 1# - ADDED ENTRY--PERSONAL NAME
Personal name Volino Robinson, Rebecca,
Relator term author.
700 1# - ADDED ENTRY--PERSONAL NAME
Personal name Sommer, Doris,
Relator term author.
700 1# - ADDED ENTRY--PERSONAL NAME
Personal name Reutzel, Bailey,
Relator term author.
700 1# - ADDED ENTRY--PERSONAL NAME
Personal name Moberg, Emily,
Relator term author.
700 1# - ADDED ENTRY--PERSONAL NAME
Personal name Mangione, Gemma,
Relator term author.
700 1# - ADDED ENTRY--PERSONAL NAME
Personal name Lanzl, Christina,
Relator term author.
700 1# - ADDED ENTRY--PERSONAL NAME
Personal name Lampman, Claudia,
Relator term author.
700 1# - ADDED ENTRY--PERSONAL NAME
Personal name Keller, Luke,
Relator term author.
700 1# - ADDED ENTRY--PERSONAL NAME
Personal name Kamen, Rebecca,
Relator term author.
700 1# - ADDED ENTRY--PERSONAL NAME
Personal name Hotz, Julia,
Relator term author.
700 1# - ADDED ENTRY--PERSONAL NAME
Personal name Hawley, Jane,
Relator term author.
700 1# - ADDED ENTRY--PERSONAL NAME
Personal name Hamlin, Amy K.,
Relator term author.
700 1# - ADDED ENTRY--PERSONAL NAME
Personal name Fuchs Holzer, Madeleine,
Relator term author.
700 1# - ADDED ENTRY--PERSONAL NAME
Personal name Gururaj, Anisha,
Relator term author.
700 1# - ADDED ENTRY--PERSONAL NAME
Personal name Graham, Margaret,
Relator term author.
700 1# - ADDED ENTRY--PERSONAL NAME
Personal name Fujimori, Jessica,
Relator term author.
700 1# - ADDED ENTRY--PERSONAL NAME
Personal name Frost, Susan,
Relator term author.
700 1# - ADDED ENTRY--PERSONAL NAME
Personal name Freitas-Murrell, Brittany,
Relator term author.
700 1# - ADDED ENTRY--PERSONAL NAME
Personal name Epstein, Ari W.,
Relator term author.
700 1# - ADDED ENTRY--PERSONAL NAME
Personal name Enos-Berlage, Jodi,
Relator term author.
700 1# - ADDED ENTRY--PERSONAL NAME
Personal name Diaz, Ella Maria,
Relator term author.
700 1# - ADDED ENTRY--PERSONAL NAME
Personal name Davidson, Emily,
Relator term author.
700 1# - ADDED ENTRY--PERSONAL NAME
Personal name Copete, Antonio,
Relator term author.
700 1# - ADDED ENTRY--PERSONAL NAME
Personal name Chiapella, Julia,
Relator term author.
700 1# - ADDED ENTRY--PERSONAL NAME
Personal name Chambers, Elise,
Relator term author.
700 1# - ADDED ENTRY--PERSONAL NAME
Personal name Burkhart, Jennifer,
Relator term author.
700 1# - ADDED ENTRY--PERSONAL NAME
Personal name Bilodeau, Chantal,
Relator term author.
700 1# - ADDED ENTRY--PERSONAL NAME
Personal name Batson, Charles R.,
Relator term author.
700 1# - ADDED ENTRY--PERSONAL NAME
Personal name Bakshi, Amar,
Relator term author.
700 1# - ADDED ENTRY--PERSONAL NAME
Personal name Henseler, Christine,
Relator term editor.
710 2# - ADDED ENTRY--CORPORATE NAME
Corporate name or jurisdiction name as entry element Cook Inlet Tribal Council, Inc. (Anchorage, Alaska),
Relator term author.
710 2# - ADDED ENTRY--CORPORATE NAME
Corporate name or jurisdiction name as entry element Project Muse.
Relator term distributor
830 #0 - SERIES ADDED ENTRY--UNIFORM TITLE
Uniform title Book collections on Project MUSE.
856 40 - ELECTRONIC LOCATION AND ACCESS
Public note Full text available:
Uniform Resource Identifier <a href="https://muse.jhu.edu/book/75472/">https://muse.jhu.edu/book/75472/</a>
Holdings
Withdrawn status Lost status Source of classification or shelving scheme Damaged status Not for loan Home library Current library Shelving location Date acquired Total Checkouts Date last seen Uniform Resource Identifier Price effective from Koha item type
          Digital Library Digital Library Online Access 27.01.2021   27.01.2021 https://muse.jhu.edu/book/75472/ 27.01.2021 eBook

OPENING HOURS

Weekdays: 0815hrs - 1800hrs
Weekends:0900hrs - 1200hrs

Closed for Mass:

Mon, Thur: 1200hrs - 1300hrs
Sunday & Public Holiday’s

CALL SUPPORT

0242-570570, 0242-570169
09200664, +263 8644140602

LOCATION

18443, Cranborne Avenue, Hatfield, Harare

Other Links


©2021 | CUZ Library